000 00329nam a22001457a 4500
008 210507b ||||| |||| 00| 0 eng d
020 _a9789814670890
041 _aeng
080 _a338
082 _a338
100 _a53
101 _aMEN
245 _aCrafting and Executing Strategy
_cArthur A. Thompson
942 _2udc
_cBK
999 _c57123
_d57123